[Event "20th Amber Blindfold"]
[Site "Monaco MNC"]
[Date "2011.03.12"]
[Round "1"]
[White "Grischuk, Alexander"]
[Black "Kramnik, Vladimir"]
[Result "1-0"]
[WhiteElo "2747"]
[BlackElo "2785"]
[PlyCount "103"]
[EventDate "2011.03.12"]

1. d4 Nf6 2. c4 e6 3. Nf3 d5 4. Nc3 Bb4 5. Bg5 Nbd7 6. cxd5 exd5 7. Qc2 O-O 8.
e3 c5 9. Bd3 Qa5 10. O-O c4 11. Be2 Re8 12. Nd2 h6 13. Bh4 Bxc3 14. bxc3 Ne4
15. Nxe4 Rxe4 16. Bg3 Nb6 17. Bf3 Re6 18. a4 Bd7 19. Rfb1 Bc6 20. Bc7 Qa6 21.
a5 Nd7 22. Bg4 Ree8 23. Bf5 Nf8 24. Qd2 Ne6 25. Bg3 Rad8 26. f3 Bd7 27. Bc2 Ng5
28. Bc7 Rc8 29. Bf4 Ne6 30. Bg3 Ng5 31. Bh4 Rc7 32. Bg3 Rcc8 33. Kh1 Re7 34.
Be5 Rce8 35. Qf2 f6 36. Bf4 Ne6 37. Bg3 Nf8 38. e4 Bf5 39. exf5 Re2 40. Ba4
Rxf2 41. Bxe8 Rd2 42. h4 g6 43. fxg6 Re2 44. Bf7+ Kg7 45. h5 Qc6 46. Re1 Rxe1+
47. Rxe1 Qd7 48. Kg1 b5 49. axb6 axb6 50. Re8 b5 51. Rb8 Qe7 52. Bxd5 1-0

[Event "20th Amber Blindfold"]
[Site "Monaco MNC"]
[Date "2011.03.14"]
[Round "3"]
[White "Gashimov, Vugar"]
[Black "Giri, Anish"]
[Result "1-0"]
[WhiteElo "2746"]
[BlackElo "2690"]
[PlyCount "67"]
[EventDate "2011.03.12"]

1. e4 c5 2. Nc3 e6 3. Nf3 d6 4. d4 cxd4 5. Nxd4 Nf6 6. g4 h6 7. h4 Nc6 8. Rg1
d5 9. exd5 Nxd5 10. Nxd5 Qxd5 11. Bg2 Qe5+ 12. Be3 Qh2 13. f4 Nxd4 14. Qxd4
Qxh4+ 15. Bf2 Qd8 16. Qxd8+ Kxd8 17. O-O-O+ Kc7 18. Rd3 Bd6 19. Bg3 Rd8 20.
Rgd1 f6 21. f5 e5 22. Be1 a5 23. Rd5 e4 24. Kb1 e3 25. Bf1 Re8 26. Rxd6 e2 27.
Bxe2 Rxe2 28. Bg3 Rg2 29. Bf4 Rxg4 30. Rd7+ Kc6 31. R1d6+ Kb5 32. a4+ Kxa4 33.
Rb6 Rxf4 34. Ka2 1-0

[Event "20th Amber Blindfold"]
[Site "Monaco MNC"]
[Date "2011.03.15"]
[Round "4"]
[White "Karjakin, Sergey"]
[Black "Kramnik, Vladimir"]
[Result "1-0"]
[WhiteElo "2776"]
[BlackElo "2785"]
[PlyCount "87"]
[EventDate "2011.03.12"]

1. e4 e5 2. Nf3 Nc6 3. Bb5 Nf6 4. O-O Nxe4 5. d4 Nd6 6. Bxc6 dxc6 7. dxe5 Nf5
8. Qxd8+ Kxd8 9. Nc3 Bd7 10. h3 h6 11. b3 c5 12. Nd5 c6 13. Nf4 g5 14. Bb2 Rg8
15. e6 Bxe6 16. Rad1+ Kc7 17. Nxe6+ fxe6 18. g4 Bg7 19. Bxg7 Nxg7 20. Ne5 Rad8
21. Rxd8 Rxd8 22. f4 gxf4 23. Rxf4 Rd1+ 24. Kg2 Ne8 25. Rf7+ Kb6 26. Re7 Nf6
27. Rxe6 Nd5 28. Rxh6 Ne3+ 29. Kg3 Nxc2 30. h4 Nd4 31. h5 Ka5 32. Rh7 b5 33. h6
Rh1 34. Kg2 Rh4 35. Kg3 Rh1 36. g5 Kb4 37. Nd3+ Kc3 38. Nxc5 a5 39. Rf7 Kb4 40.
Nd3+ Kc3 41. Nf2 Rh5 42. Nh3 Ne6 43. Rf3+ Kb2 44. Kg4 1-0

[Event "20th Amber Blindfold"]
[Site "Monaco MNC"]
[Date "2011.03.22"]
[Round "9"]
[White "Aronian, Levon"]
[Black "Kramnik, Vladimir"]
[Result "1-0"]
[WhiteElo "2808"]
[BlackElo "2785"]
[PlyCount "77"]
[EventDate "2011.03.12"]

1. c4 e6 2. Nc3 d5 3. d4 Be7 4. cxd5 exd5 5. Bf4 Nf6 6. e3 Bf5 7. Qb3 Nc6 8. g4
Nxg4 9. Qxd5 Qc8 10. Qg2 O-O 11. e4 Bxe4 12. Nxe4 Bb4+ 13. Nc3 Qf5 14. Be2 Rfe8
15. Kf1 Nf6 16. Bh6 g6 17. Qg5 Nxd4 18. Rd1 Bxc3 19. bxc3 Ne4 20. Qxf5 Nxf5 21.
Bd2 Rad8 22. Be1 Rxd1 23. Bxd1 Re5 24. Nf3 Rc5 25. Bb3 Nxc3 26. Ne5 Ne4 27.
Nxf7 Kg7 28. f3 Nf6 29. Bf2 Rc3 30. Ng5 Nh5 31. Ke2 Nf4+ 32. Kd2 Rd3+ 33. Kc2
Kh6 34. Nf7+ Kh5 35. Rg1 h6 36. Ne5 Ne3+ 37. Kb1 Rc3 38. Nxg6 Nh3 39. Nf4+ 1-0

[Event "27th Open"]
[Site "Cappelle la Grande FRA"]
[Date "2011.03.01"]
[Round "5.5"]
[White "Ipatov, A ESP."]
[Black "Zhigalko, S."]
[Result "1-0"]
[WhiteElo "2512"]
[BlackElo "2671"]
[PlyCount "63"]
[EventDate "2011.02.26"]

1. d4 Nf6 2. c4 e6 3. Nf3 b6 4. g3 Ba6 5. Qb3 c6 6. Bg5 Be7 7. Nc3 h6 8. Bxf6
Bxf6 9. e4 d6 10. e5 dxe5 11. dxe5 Be7 12. Ne4 O-O 13. Qc3 Nd7 14. O-O-O Qc7
15. Bd3 Rfd8 16. Bb1 Nf8 17. Rdg1 b5 18. g4 bxc4 19. g5 hxg5 20. Nfxg5 Rd5 21.
Qf3 Bxg5+ 22. Rxg5 Ng6 23. Rhg1 Rxe5 24. Nf6+ Kf8 25. Rxg6 fxg6 26. Nd5+ Qf7
27. Qa3+ c5 28. Qxc5+ Kg8 29. Ne7+ Kh8 30. Qxe5 Qxe7 31. Bxg6 Qh4 32. Rg5 1-0

[Event "TCh-NED"]
[Site "Netherlands NED"]
[Date "2011.03.12"]
[Round "7.3"]
[White "Seirawan, Y."]
[Black "Werle, J."]
[Result "1-0"]
[WhiteElo "2638"]
[BlackElo "2574"]
[PlyCount "83"]
[EventDate "2010.09.18"]

1. c4 e5 2. Nc3 Nc6 3. Nf3 Nf6 4. g3 g6 5. d4 exd4 6. Nxd4 Bg7 7. Nxc6 bxc6 8.
Bg2 O-O 9. O-O Qe7 10. Bf4 Qb4 11. Qb3 a5 12. Bxc7 Ba6 13. Rfd1 Bxc4 14. Qc2 d5
15. Be5 Rfe8 16. Bd4 a4 17. e3 Reb8 18. Nxa4 Rxa4 19. b3 Rxa2 20. Qxa2 Bxb3 21.
Qd2 Bxd1 22. Qxb4 Rxb4 23. Ra8+ Bf8 24. Bxf6 Rb1 25. h3 Bf3+ 26. Kh2 Bxg2 27.
Kxg2 Rb7 28. Rd8 c5 29. g4 Rc7 30. h4 h6 31. g5 hxg5 32. hxg5 Rb7 33. Kf3 c4
34. Ke2 Rc7 35. Kd2 Rb7 36. Kc2 Ra7 37. Kc1 Rb7 38. Rc8 Ra7 39. Kb2 Rb7+ 40.
Kc3 Ra7 41. Kd4 Rd7 42. f4 1-0

[Event "Rapid Match"]
[Site "Tashkent UZB"]
[Date "2011.03.27"]
[Round "3"]
[White "Anand, V."]
[Black "Kasimdzhanov, R."]
[Result "1-0"]
[WhiteElo "2817"]
[BlackElo "2687"]
[PlyCount "47"]
[EventDate "2011.03.27"]

1. e4 e5 2. Nf3 Nf6 3. Nxe5 d6 4. Nf3 Nxe4 5. Nc3 Nxc3 6. dxc3 Be7 7. Be3 Nc6
8. Qd2 O-O 9. O-O-O Ne5 10. Kb1 c6 11. Be2 Ng4 12. Bd3 d5 13. Bf4 Bd6 14. h3
Bxf4 15. Bxh7+ Kh8 16. Qxf4 Nxf2 17. Ng5 f6 18. Nf7+ Rxf7 19. Bg6 Nxd1 20. Qh4+
Kg8 21. Re1 Nxc3+ 22. bxc3 Be6 23. Rxe6 Qb6+ 24. Kc1 1-0

[Event "5th Agzamov Mem"]
[Site "Tashkent UZB"]
[Date "2011.03.20"]
[Round "3"]
[White "Alekseev, Evgeny"]
[Black "Vakhidov, T."]
[Result "1-0"]
[WhiteElo "2688"]
[BlackElo "2490"]
[PlyCount "83"]
[EventDate "2011.03.18"]

1. e4 c5 2. Nf3 d6 3. d4 cxd4 4. Nxd4 Nf6 5. Nc3 g6 6. Be3 Bg7 7. f3 Nc6 8. Qd2
O-O 9. O-O-O d5 10. exd5 Nxd5 11. Nxc6 bxc6 12. Bd4 e5 13. Bc5 Re8 14. Bc4 Qa5
15. Ne4 Qxd2+ 16. Rxd2 Bh6 17. Bxd5 Bxd2+ 18. Kxd2 Rd8 19. Bd6 cxd5 20. Nf6+
Kg7 21. Bxe5 Be6 22. Bd4 Rac8 23. b3 h6 24. g4 Rc6 25. h4 Kf8 26. Re1 Rdc8 27.
c3 Ra6 28. a4 Rac6 29. f4 a6 30. Re5 Ke7 31. Nxd5+ Kd6 32. Nb4 Bxb3 33. Nxc6
Rxc6 34. h5 gxh5 35. Rxh5 Bxa4 36. Rxh6+ Kd5 37. Rh7 f6 38. Re7 Bb3 39. f5 a5
40. g5 fxg5 41. f6 Kd6 42. Be5+ 1-0